000 01832nam0a2200373 4500
001 RU\NLR\BIBL_A\022527989
005 20260420043521.0
010 _a978-5-6053117-2-0
_91500
021 _aRU
_bКН-П-25-012664
_9КН-П-25-1274
035 _a(NLR Aleph) 022527989
090 _a13671862
_c13671862
100 _a20250422d2024 u y0rusy50 ca
101 0 _arus
102 _aRU
105 _aac z 000yy
181 0 _ai
_baxxe
182 0 _an
200 1 _aРегиональный информационно-методический сборник "#Навигаторы Детства52"
_fА. О. Ковшарева, Н. А. Тарасова, А. Е. Темнов
_gМинистерство просвещения Российской Федерации, Росдетцентр [и др.]
203 _aТекст
_bвизуальный
_cнепосредственный
210 _aНижний Новгород
_cСтимул-СТ
_d2024
215 _a219 с.
_cцв. ил., портр.
_d22
225 1 _aНациональные проекты России
_iОбразование
320 _aБиблиогр.: с. 218-219 (15 назв.)
606 1 _aДетские общественные объединения
_xМетодика работы
_92580869
_3RU\NLR\AUTH\6601736319
606 1 _aДети
_xВоспитание
_92435031
_3RU\NLR\AUTH\661449061
686 1 _aЧ422(2Р)
686 1 _aЧ313
700 1 _aКовшарева
_bА. О.
_gАлена Олеговна
701 1 _7ca
_8rus
_aТарасов
_bН. А.
_cобщественный деятель
_gНикита Андреевич
_92673168
_3RU\NLR\AUTH\770283007
701 1 _aТемнов
_bА. Е.
_gАртем Евгеньевич
942 _cBOOK
980 _aNB